| 000 | 01346nam a22003257a 4500 | ||
|---|---|---|---|
| 005 | 20110722165950.0 | ||
| 008 | 110722t xxu||||| |||| 00| 0 eng d | ||
| 010 | _aB-428239 | ||
| 020 |
_a0195664876 _c645.00 |
||
| 020 |
_a9780195664874 _c645.00 |
||
| 035 | _aB-428239 | ||
| 037 | _bBPPD/ PUB | ||
| 037 | _bAllied/DE2010/CR/2777/16.3.11/280/4.3.11/30.3.11 | ||
| 040 |
_aDPL _bEnglish |
||
| 082 | _a954.01 | ||
| 100 |
_aThapar, Romila _929993 |
||
| 245 |
_aCultural Pasts : _cThapar, Romila |
||
| 260 |
_aNew Delhi _bOxford University Press, _c2010 |
||
| 300 |
_a1156p. _bill. _c21cm. (pbk) |
||
| 500 | _aIncludes bibliographical references and index | ||
| 650 |
_aWelfare economics. _929994 |
||
| 650 |
_aFinance, Public. _929995 |
||
| 650 |
_aFinance, Public _xMathematical models. _929996 |
||
| 650 |
_aWelfare economics _xMathematical models. _929997 |
||
| 650 |
_aDevelopment economics. _929998 |
||
| 856 |
_3Table of contents only _uhttp://www.loc.gov/catdir/enhancements/fy0628/2006297239-t.html |
||
| 942 |
_adpl _cEN _2ddc _mTHA _h954.01 |
||
| 999 |
_c54273 _d54273 |
||